Word Ladder: This and That Quiz Stats

 Plays Quiz Updated May 31, 2019

Score 0/46 Timer 05:00
0 Plays Today
Clue 4-Letter Rung % Correct
Ocean motionWAVE
93.8%
DonatedGAVE
92.6%
Chess pieceROOK
90.1%
Blue Pair: Type of popular musicROCK
89.9%
Air currentWIND
89.2%
FinishedDONE
86.5%
Fabric fuzzLINT
84.1%
RecedeWANE
84%
Yellow Pair: Entertain lavishlyWINE
83.9%
Zest sourceRIND
82.7%
AscendRISE
82.4%
Showy flowerROSE
82.4%
Fishing gearLINE
82.2%
Yellow Pair: Entertain lavishlyDINE
82%
Orange Pair: Good-natured exchangeGIVE
81.7%
Green Pair: Deliver a tiradeRANT
81.5%
Job benefitPERK
81%
Monopoly PlacePARK
80.7%
Author AynRAND
80.6%
PreserveSAVE
80.2%
Track eventRACE
80.1%
Blue Pair: Type of popular musicROLL
80.1%
RationalSANE
79.4%
Clue 4-Letter Rung % Correct
Not tapedLIVE
79.1%
Green Pair: Deliver a tiradeRAVE
78.4%
Muscle qualityTONE
77.8%
Peel, as an applePARE
77.6%
Sampling of opinionsPOLL
77.4%
Underlying causeROOT
76.9%
Cosecant's reciprocalSINE
76.5%
Billiards accessoryRACK
75.7%
Playbill listingROLE
75.7%
Jasmine, e.g.RICE
75.6%
WatercraftRAFT
74.4%
Mob sceneRIOT
73.8%
Red Pair: Two-fingered typing methodPECK
73.5%
Coffin clothPALL
72%
SchismRIFT
70.7%
Container weightTARE
70.5%
Cigarette puffTOKE
69.5%
Orange Pair: Good-natured exchangeTAKE
69%
Support financiallyBACK
66.6%
Red Pair: Two-fingered typing methodHUNT
58.9%
Purple Pair: Ready to obey orders, with 'at'BECK
58.4%
Fontanne's stage partnerLUNT
57.9%
Purple Pair: Ready to obey orders, with 'at'CALL
57.3%

Today's Daily Dose

Missing Word
Video Games (A-Z)

Get the Picture
Tom Hanks

You're not logged in!

Compare scores with friends on all Sporcle quizzes.
OR
Log In

Sporcle TV

Today on Sporcle TV


Watch our educational content, quiz creation guides, and fun videos on Sporcle TV.

Show Comments

Extras

Top Quizzes Today


Score Distribution

Your Account Isn't Verified!

In order to create a playlist on Sporcle, you need to verify the email address you used during registration. Go to your Sporcle Settings to finish the process.

Report this User

Report this user for behavior that violates our Community Guidelines.

Details: